|
|
|
|
| LEADER |
00000nam2a2200000 4500 |
| 001 |
188954 |
| 005 |
20231031175127.0 |
| 035 |
|
|
|a (RuTPU)RU\TPU\book\205249
|
| 090 |
|
|
|a 188954
|
| 100 |
|
|
|a 20101216d1976 k y0rusy50 ca
|
| 101 |
0 |
|
|a rus
|
| 102 |
|
|
|a RU
|
| 105 |
|
|
|a a z 001zy
|
| 200 |
0 |
|
|a Вып. 10: Система автоматизации поиска, обработки и накопления данных
|
| 210 |
|
|
|d 1976
|
| 215 |
|
|
|a 192 с.
|c ил.
|
| 320 |
|
|
|a Библиогр.: с. 190-191.
|
| 461 |
|
1 |
|0 (RuTPU)RU\TPU\book\139782
|t Кибернетика и вуз
|o республиканский тематический сборник работ
|f Томский политехнический институт ; под ред. В. З. Ямпольского, И. И. Каляцкого
|v Вып.10: Система автоматизации поиска, обработки и накопления данных
|d 1969-
|
| 610 |
1 |
|
|a вузы
|
| 610 |
1 |
|
|a высшие учебные заведения
|
| 610 |
1 |
|
|a управление
|
| 610 |
1 |
|
|a автоматизация
|
| 610 |
1 |
|
|a поиск
|
| 610 |
1 |
|
|a обработка
|
| 610 |
1 |
|
|a обработка данных
|
| 610 |
1 |
|
|a банки данных
|
| 610 |
1 |
|
|a обслуживание
|
| 610 |
1 |
|
|a информационно-поисковые системы
|
| 610 |
1 |
|
|a труды учёных ТПУ
|
| 702 |
|
1 |
|a Каляцкий
|b И. И.
|c российский электротехник
|c ректор Томского политехнического института в 1970-1984, профессор
|f 1927-2005
|g Иван Иванович
|2 stltpush
|3 (RuTPU)RU\TPU\pers\14030
|4 340
|
| 801 |
|
1 |
|a RU
|b 63413507
|c 20101216
|
| 801 |
|
2 |
|a RU
|b 63413507
|c 20201204
|g RCR
|
| 942 |
|
|
|c BK
|